|
|
|
|
| LEADER |
01232nam a2200253 a 4500 |
| 001 |
GR-MES96 |
| 008 |
991111s gr 000 b ita d |
| 040 |
|
|
|a GrPaTEI
|b gre
|c GR-PaULI
|
| 245 |
0 |
0 |
|a Osteichthyes :
|b Pepci ossei
|n xi.
|
| 260 |
|
|
|a Bologna :
|b Calderini,
|c c1975
|
| 300 |
|
|
|a xiv, 636σελ. :
|b εικ.
|
| 504 |
|
|
|a Βιβλιογραφία : σελ.569-613
|
| 650 |
|
4 |
|a ΟΣΤΕΟΙΧΘΥΕΣ
|
| 650 |
|
4 |
|a ΣΠΟΝΔΥΛΩΤΑ
|
| 650 |
|
4 |
|a Ψάρια
|
| 700 |
1 |
|
|a Tortonese, Enrico
|
| 710 |
0 |
|
|a Calderini
|
| 710 |
2 |
|
|a Fauna d`Italia
|
| 942 |
|
|
|2 ddc
|
| 952 |
|
|
|0 0
|1 0
|2 ddc
|4 0
|6 597_500000000000000_TOR
|7 0
|9 263364
|a MSLG
|b MSLG
|c BSC
|d 2021-01-17
|e 24
|f 0
|g 0.00
|l 0
|o 597.5 TOR
|p 2420000000032
|r 2021-01-17 00:00:00
|t 1
|w 2021-01-17
|y BK15
|x 19991111 0 1
|x GrPaTEI
|
| 952 |
|
|
|0 0
|1 0
|2 ddc
|4 0
|6 597_500000000000000_TOR
|7 0
|9 263365
|a MSLG
|b MSLG
|c BSC
|d 2021-01-17
|e 24
|f 0
|g 0.00
|l 0
|o 597.5 TOR
|p 2420000000939
|r 2021-01-17 00:00:00
|t 1
|w 2021-01-17
|y BK15
|x 19991111 0 1
|x GrPaTEI
|
| 952 |
|
|
|0 0
|1 0
|2 ddc
|4 0
|6 597_500000000000000_TOR
|7 0
|9 263366
|a MSLG
|b MSLG
|c BSC
|d 2021-01-17
|e 24
|f 0
|g 0.00
|l 0
|o 597.5 TOR
|p 2420000000944
|r 2021-01-17 00:00:00
|t 1
|w 2021-01-17
|y BK15
|x 19991111 0 1
|x GrPaTEI
|
| 971 |
|
|
|a .b25711374
|b 15-04-20
|c 13-09-16
|
| 999 |
|
|
|c 151586
|d 151586
|